Quizzes
Events
Quiz Creation
Community
Videos
Private Events
Remove Ads
Sign In
Join for FREE
Feedback
Dark Mode
Quiz Categories
Sports
Geography
Music
Movies
Television
Just For Fun
Miscellaneous
History
Literature
Language
Science
Gaming
Entertainment
Religion
Holiday
For Kids
Quiz Lab
Recent
Popular Today
Quiz Kudos Today
Editor Picks
Curator Picks
Quizzes by...
Day
Popularity
Type
Ratings
Length
Year
Community
Subscriptions
Recent Discussions
Orange Saloon
Badges
Playlists
Quests
Create
Leaderboards
Showdown
Live 5
Trivia Bingo
Activity
Puzzle Library
Sporcle Events
Private Events
Virtual Trivia
Globe League
Become a Host
Pub Owners
SporcleCon
Opinionation
Our Games
Videos
Blog
Mobile Apps
Partnerships
Remove Ads and Go Orange
Feedback
Geography
Country
Landmarks
City
State
Population
World
Capital
Continent
Flags
Europe
Africa
Asia
South America
North America
Oceania
Border
Canada
United Kingdom
Topography
United States
Geography
Country
Landmarks
City
State
Population
World
Capital
Continent
Flags
Europe
Africa
Asia
South America
North America
Oceania
Border
Canada
United Kingdom
Topography
United States
Random Quiz
Search Sporcle
×
Quiz Lab
Quiz Lab
Geography
Population
Type in answers that appear in a list
Type in answers that appear in a list
Classic
Best Score? Go Orange.
Spanish Speaking States Stats
Can you name the states by their Spanish speaking population percentage?
By
slinky21
10m
51 Questions
227 Plays
227 Plays
227 Plays
Comments
Comments
Give Quiz Kudos
Give Quiz Kudos
-
- Ratings
hide this ad
More Info
Forced Order
Answers have to be entered in order
Answers have to be entered in order
Replay
Link that replays current quiz
Next Quiz
Link to next quiz in quiz playlist
You Got
0%
They Got
Avg Score
35%
Avg Friend Score
Upgrade to see
Score Distribution
Jump to the score distribution portion of the page
Score
0/51
Timer
10:00
0
Plays Today
Percentage
State
% Correct
34.72%
California
99.6%
43.27%
New Mexico
97.8%
34.63%
Texas
96.9%
28.03%
Arizona
95.2%
19.01%
Florida
85.5%
19.27%
Nevada
82.4%
15.96%
New York
79.7%
13.89%
New Jersey
63%
12.70%
Illinois
61.7%
12.35%
Colorado
56.8%
9.40%
Utah
43.6%
9.96%
Rhode Island
38.3%
8.47%
Oregon
37.4%
9.35%
Connecticut
35.2%
1.00%
Maine
33.9%
7.04%
Georgia
33%
7.20%
Washington
31.3%
1.01%
Vermont
31.3%
6.80%
Massachusetts
30%
7.66%
Idaho
29.1%
5.78%
Virginia
26.4%
6.45%
North Carolina
26%
5.22%
Oklahoma
26%
5.68%
Maryland
25.6%
6.59%
Kansas
25.1%
8.24%
District of Columbia
24.2%
Percentage
State
% Correct
6.50%
Delaware
23.8%
5.99%
Nebraska
23.8%
3.72%
Pennsylvania
23.8%
3.64%
Alaska
23.3%
4.12%
Wyoming
22.9%
2.15%
Ohio
22.5%
1.50%
Hawaii
22.5%
1.48%
North Dakota
22.5%
1.51%
Montana
22%
1.98%
South Dakota
21.6%
1.06%
West Virginia
21.1%
4.45%
Arkansas
20.3%
2.50%
Alabama
20.3%
2.14%
New Hampshire
20.3%
4.18%
Wisconsin
19.8%
3.68%
South Carolina
19.4%
4.32%
Indiana
18.9%
3.10%
Michigan
18.9%
2.05%
Kentucky
18.5%
1.72%
Mississippi
18.5%
3.55%
Minnesota
18.1%
3.51%
Iowa
18.1%
2.68%
Louisiana
18.1%
3.04%
Tennessee
17.6%
2.37%
Missouri
16.3%
Quiz Playlist
Details
Report
Send in Message
Add To Playlist
More Info:
Identify the states based upon their Spanish-speaking population percentage. The District of Columbia is also included.
Classic:
Type in answers that appear in a list
Forced Order:
Answers have to be entered in order
Last Updated: Feb 16, 2017
Quiz Scoreboard
CHALLENGE
Sign Up to Join the Scoreboard
Show All
Scores
Hide
Comments
May contain spoilers
Recently Published
Presidents Visiting Landmarks
by Hejman
History
7m
An Introduction to Baseball
by treessimontrees
Sports
5m
Movies - When Are They Set?
by FPL_Elf
Movies
5m
More to Explore
Quiz From the Vault
Featured Blog Post
Where Did the Easter Bunny Come From?
hide this ad
You Might Also Like...
Tags
Population Quiz
Spanish Quiz
State Quiz
Percentage
Speaker
Speaking
Today's Top Quizzes in Geography
Browse Geography
hide this ad
Today's Top Quizzes in Population
Browse Population
Top Contributed Quizzes in Geography
1
Countries of the World - No Outlines Minefield
2
Top 25 Cities of France on a map
3
Any capital of a 'B' country per Continent
4
Closest Countries to UK A-Z
5
Any capital of a 'C' country per Continent
6
One Thing in Common: United Kingdom
7
Any capital of a 'D' country per Continent
8
Find the Provinces of Canada - No Outlines Minefield
9
5-to-1: US Geography No Hints
10
Any capital of an 'E' country per Continent
Explore More
Trending Topics
NBA
Crossword
Anime
Marvel
Disney
Kpop
Harry Potter
WWE
Song
Country
NFL
Soccer
Pokémon
Puzzle
The Office
hide this ad
More By:
slinky21
Quiz
Plays
Rating
Category
Featured
Created
Teammates on Shaq's All Star Teams
545
4.80
Sports
Jun 1, 2011
Largest A Cities (US)
350
4.44
Geography
Jun 19, 2011
US Cities with a Public Aquarium
308
2.67
Geography
Jun 3, 2011
College Football All-Time Opponents
238
2.80
Sports
Jun 17, 2011
Spanish Speaking States
227
4.25
Geography
Jun 2, 2011
Go to Creator's Profile
Score Distribution
Quiz Creator Spotlight
slinky21
Follow
Send a Message
Quizzes Created
-
Created Quiz Play Count
-
More By This Creator
Popular Quizzes Today
1
Find the US States - No Outlines Minefield
2
Find the Countries of Europe - No Outlines Minefield
3
The Countries of the World
4
Find the US States
5
Popular People in 1961
6
US States
7
Risky Map Clicking: Biggest States A-Z
8
1-10 Letter E Words III
More Geography Quizzes
-stan Consonants
Published
Trending Quizzes
Risky Map Clicking: Least Populous States A-Z
1-10 Letter G Words
1-10 Letter F Words
One Thing in Common: United Kingdom
Risky Map Clicking: Next State Alphabetically
Recently Updated
Leaping Animals
pecheneg
Reality TV Shows (A-Z)
bhenderson79
Rickey Henderson's Hall of Fame Teammates
pecheneg
Champions League XIs: Arsenal
pecheneg
Quick Pick: Celebrities in WWE's Hall of Fame
aduchscher
A-Z Keypad Blitz II
pecheneg
Multiple Oscar Actors
pecheneg
Mystery Phrase Blitz: Oscar 'Best Actors'
pecheneg
F. Scott Fitzgerald Novels
LTH
Pick 3 Villains
ddd62291
Trending Topics
Crossword
Harry Potter
Marvel
Disney
Anime
NBA
Kpop
Pokémon
Country
NFL
Soccer
Song
The Office
WWE
Puzzle
Your Account Isn't Verified!
In order to create a playlist on Sporcle, you need to verify the email address you used during registration. Go to your
Sporcle Settings
to finish the process.
Report this User
Report this user for behavior that violates our
Community Guidelines
.
Details:
Send Report
Go to the Sporcle.com Mobile Site →
Comments